000
00293nam a2200133Ia 4500
008
191201s2008 xx 000 0 und d
100
_a
MONAPPA, Arun
245
0
_a
Personnel Management
250
_a
Rep.
260
_a
N.Delhi
_b
TMH
_c
2008
300
_a
416
650
_a
MBA
942
_2
ddc
_c
BK
999
_c
3587
_d
3587